1125 1814 1566 1351 1351 1658 1483 1712 1168 1008 1044 1582 1205 1776 1170 1195 1466 1640 1264 1665 1512 1830 1584 1159 1572 1190 1889 1463 1078 1523 1729 1545 1727 1226 1174 1606 1214 1681 1978 1552 1007 1165 1515 1990 1868 1842 1231 1790 1571 1949 1909 1431 1992 1923 1952 1518 1216 1854 1312 1324 1356 1775 1552 1545 1581 1868 1049 1613 1410 1008 1008 1320 1210 1956 1016 1703 1445 1960 1041 1120 2000 1113 1287 1088 1261 1059 1625 1495 1552 1358 1731 1942 1538 1174 1407 1203 1282 1454 1042 BCNSPRNW ULIB Ver.6.0+V

เปลี่ยนเป็นภาษาไทย

Change to English
 แสดงรายละเอียดบรรณานุกรม
  กลับหน้าหลัก

Brief Record : Get Marc (ISO 2709) : E-mail record : QR code < ปิดหน้าต่าง
LEADER : 00000nas 2200000uu 4500
001    13399126864
003     ULIB
008    190625s2561||||th 000 0 tha d
022 0  ^a26730723
110 1  ^aวิทยาลัยพยาบาลบรมราชชนนี สรรพสิทธิประสงค์
245 00 ^aวารสารวิทยาศาสตร์สุขภาพวิทยาลัยพยาบาลบรมราชชนนี สรรพสิทธิประสงค์^bวิทยาลัยพยาบาลบรมราชชนนี สรรพสิทธิประสงค์
260    ^aอุบลราชธานี : ^bวิทยาลัยพยาบาลบรมราชชนนี สรรพสิทธิประสงค์,^c2561
310    ^aรายสี่เดือน
850 ^a ULIB^bปีที่ 2 ฉบับที่ 2 ฉ.1 ;ปีที่ 3 ฉบับที่ 1 ฉ.1 ;ปีที่ 2 ฉบับที่ 3 ฉ.1 ;ปีที่ 2 ฉบับที่ 1 ฉ.1 ;ปีที่ 3 ฉบับที่ 2 ฉ.1 ;ปีที่ 3 ฉบับที่ 3 ฉ.1
856    ^aULIB^bปีที่ 2 ฉบับที่ 1 ฉ.1
945    ^p0^l0^i905280
945    ^p0^l0^i905282
945    ^p0^l0^i905281
945    ^p0^l0^i905279
945    ^p0^l0^i905518
945    ^p0^l0^i905519
999    ^aประนอม เกษจรัล
รายการนี้ยังไม่มีแท็ก
คุณยังไม่ได้ล็อกอิน คุณสามารถมีกิจกรรมร่วมกับเว็บไซต์ได้ แต่ต้องล็อกอินก่อน ::
  ล็อกอิน

รายการสื่อสารสนเทศ (วารสาร)

ดูแบบ: กล่อง รายการ
ARRIVED
ปีที่ 2 ฉบับที่ 1 ฉ.1
สถานที่: ห้องสมุดวิทยาเขตสวรรค์ประชารักษ์ >วารสาร
ARRIVED
ปีที่ 2 ฉบับที่ 2 ฉ.1
สถานที่: ห้องสมุดวิทยาเขตสวรรค์ประชารักษ์ >วารสาร
ARRIVED
ปีที่ 2 ฉบับที่ 3 ฉ.1
สถานที่: ห้องสมุดวิทยาเขตสวรรค์ประชารักษ์ >วารสาร
ARRIVED
ปีที่ 3 ฉบับที่ 1 ฉ.1
สถานที่: ห้องสมุดวิทยาเขตสวรรค์ประชารักษ์ >วารสาร
ARRIVED
ปีที่ 3 ฉบับที่ 2 ฉ.1
สถานที่: ห้องสมุดวิทยาเขตสวรรค์ประชารักษ์ >วารสาร
ARRIVED
ปีที่ 3 ฉบับที่ 3 ฉ.1
สถานที่: ห้องสมุดวิทยาเขตสวรรค์ประชารักษ์ >วารสาร

BibComment


ยังไม่เคยถูกคอมเมนท์

คอมเมนท์ทรัพยากรรายการนี้
  คอมเมนท์: วารสารวิทยาศาสตร..


 Copyright 2026. Bcnsprnw @Library